Creación de sitios wep con XML y java. / Hiroshi Maruyama. [et al.] (Registro nro. 14742)
[ vista simple ]
| 000 -LÍDER | |
|---|---|
| fixed length control field | 00627nam a2200169 4500 |
| 008 - ELEMENTOS DE LONGITUD FIJA -- INFORMACIÓN GENERAL | |
| fixed length control field | 0 2000 0a 000 0ESP |
| 020 ## - NÚMERO INTERNACIONAL NORMALIZADO PARA LIBROS | |
| ISBN | 0-201-48543-5 |
| 050 ## - SIGNATURA TOPOGRAFICA DE LA BIBLIOTECA DEL CONGRESO (LC) | |
| Número de Clasificación | QA76.76 H94 M2818 2000 |
| 082 ## - NUMERO DE CLASIFICACION DECIMAL DEWEY | |
| Número de Clasificación | 005.72 M368s |
| 100 ## - ASIENTO PRINCIPAL--NOMBRE PERSONAL | |
| Nombre personal | Maruyama Hiroshi. |
| 245 ## - TÍTULO | |
| Título | Creación de sitios wep con XML y java. / Hiroshi Maruyama. [et al.] |
| 260 ## - PUBLICACIÓN, DISTRIBUCIÓN, ETC. (PIE DE IMPRENTA) | |
| Lugar de publicación, distribución, etc. | Madrid : Prentice- Hall |
| 300 ## - DESCRIPCIÓN FÍSICA | |
| Extensión | 381 p. il. / 24 cm. |
| 500 ## - NOTA GENERAL | |
| Nota general | Incluye, índice, y un CD_ROM |
| 650 ## - ASIENTO SECUNDARIO DE MATERIA - TERMINO TEMÁTICO | |
| Término temático o nombre geográfico como elemento de entrada | 1.- JAVA ( LENGUAJE DE PROGRAMACIÒN). 2.- XML (LENGUAJE MARCADOR DE HIPERTEXTOS) 3.- SITIOS WEP - DISEÑO. |
| 700 ## - ASIENTO SECUNDARIO - NOMBRE PERSONAL | |
| Nombre personal | Tamura Kent \ Uramoto Naohiko. |
| No. biblioteca | No. biblioteca | Número de clasificación | Código de barras/Número de adquisición | Número de copia | Tipo de material |
|---|---|---|---|---|---|
| LUIS G. INCLAN | LUIS G. INCLAN | 005.72 M368s | 39684 | 1 | Libros |
| LUIS G. INCLAN | LUIS G. INCLAN | 005.72 M368s | 39685 | 2 | Libros |
